Sequence of Countries that left Yugoslavia - Statistics

General Stats
  • This quiz has been taken 41 times
  • The average score is 7 of 7
Answer Stats
Date of Secession Answer % Correct
February 17, 2008 Kosovo
100%
June 3, 2006 Montenegro
100%
June 25, 1991 Slovenia
100%
March 3, 1992 Bosnia and Herzegovina
97%
October 8, 1991 Croatia
97%
September 25, 1991 North Macedonia
97%
June 5, 2006 Serbia
94%
No matching quizzes found
Score Distribution
Percent of People with Each Score
Percentile by Number Answered
Your Score History
You have not taken this quiz